<?xml version="1.0" encoding="UTF-8"?>
<record
    xmlns:xsi="http://www.w3.org/2001/XMLSchema-instance"
    xsi:schemaLocation="http://www.loc.gov/MARC21/slim http://www.loc.gov/standards/marcxml/schema/MARC21slim.xsd"
    xmlns="http://www.loc.gov/MARC21/slim">

  <leader>00622nam a22001577a 4500</leader>
  <controlfield tag="003">OSt</controlfield>
  <controlfield tag="005">20150912153301.0</controlfield>
  <controlfield tag="008">150912b        xxu||||| |||| 00| 0 eng d</controlfield>
  <datafield tag="040" ind1=" " ind2=" ">
    <subfield code="c">RUA</subfield>
  </datafield>
  <datafield tag="082" ind1=" " ind2=" ">
    <subfield code="a">AGR &#x179F;&#x17C2;&#x1798; 1996 BOO17 Or.1</subfield>
  </datafield>
  <datafield tag="100" ind1=" " ind2=" ">
    <subfield code="9">344</subfield>
    <subfield code="a">&#x179F;&#x17C2;&#x1798; &#x179F;&#x17BB;&#x1781;&#x17BB;&#x1798;</subfield>
  </datafield>
  <datafield tag="245" ind1=" " ind2=" ">
    <subfield code="a">&#x179F;&#x178F;&#x17D2;&#x179C;&#x179B;&#x17D2;&#x17A2;&#x17B7;&#x178F;&#x1794;&#x17C6;&#x1795;&#x17D2;&#x179B;&#x17B6;&#x1789;&#x1795;&#x179B;&#x17B7;&#x178F;&#x1795;&#x179B;&#x179F;&#x178E;&#x17D2;&#x178F;&#x17C2;&#x1780;&#x179F;&#x17D2;&#x178F;&#x17BB;&#x1794; &#x1780;&#x17D2;&#x1793;&#x17BB;&#x1784;&#x1783;&#x17D2;&#x179B;&#x17B6;&#x17C6;&#x1784;&#x1793;&#x17B6;&#x1793;&#x17B6;&#x1793;&#x17C5;&#x179A;&#x17B6;&#x1787;&#x1792;&#x17B6;&#x1793;&#x17B8;&#x1797;&#x17D2;&#x1793;&#x17C6;&#x1796;&#x17C1;&#x1789; &#x1793;&#x17B7;&#x1784;&#x179C;&#x17B7;&#x1792;&#x17B6;&#x1793;&#x1780;&#x17B6;&#x179A;&#x1780;&#x17C6;&#x1785;&#x17B6;&#x178F;&#x17CB;</subfield>
  </datafield>
  <datafield tag="260" ind1=" " ind2=" ">
    <subfield code="a">phnom phen</subfield>
    <subfield code="b">RUA</subfield>
    <subfield code="c">1996</subfield>
  </datafield>
  <datafield tag="300" ind1=" " ind2=" ">
    <subfield code="a">102p.</subfield>
    <subfield code="b">ill.</subfield>
    <subfield code="c">29cm.</subfield>
  </datafield>
  <datafield tag="942" ind1=" " ind2=" ">
    <subfield code="2">ddc</subfield>
    <subfield code="c">AGR</subfield>
  </datafield>
  <datafield tag="999" ind1=" " ind2=" ">
    <subfield code="c">323</subfield>
    <subfield code="d">323</subfield>
  </datafield>
  <datafield tag="952" ind1=" " ind2=" ">
    <subfield code="0">0</subfield>
    <subfield code="1">0</subfield>
    <subfield code="2">ddc</subfield>
    <subfield code="4">0</subfield>
    <subfield code="6">AGR_&#x179F;&#x17C2;&#x1798;_1996_000000000000000_BOO17_OR_1</subfield>
    <subfield code="7">0</subfield>
    <subfield code="9">1489</subfield>
    <subfield code="a">LBB</subfield>
    <subfield code="b">LBB</subfield>
    <subfield code="c">B017</subfield>
    <subfield code="d">2015-09-12</subfield>
    <subfield code="o">AGR &#x179F;&#x17C2;&#x1798; 1996 BOO17 Or.1</subfield>
    <subfield code="p">RUA004136</subfield>
    <subfield code="r">2015-09-12</subfield>
    <subfield code="w">2015-09-12</subfield>
    <subfield code="y">AGR</subfield>
  </datafield>
  <datafield tag="952" ind1=" " ind2=" ">
    <subfield code="0">0</subfield>
    <subfield code="1">0</subfield>
    <subfield code="2">ddc</subfield>
    <subfield code="4">0</subfield>
    <subfield code="6">AGR_&#x179F;&#x17C2;&#x1798;_1996_000000000000000_BOO17_OR_2</subfield>
    <subfield code="7">0</subfield>
    <subfield code="9">1490</subfield>
    <subfield code="a">LBB</subfield>
    <subfield code="b">LBB</subfield>
    <subfield code="c">B017</subfield>
    <subfield code="d">2015-09-12</subfield>
    <subfield code="o">AGR &#x179F;&#x17C2;&#x1798; 1996 BOO17 Or.2</subfield>
    <subfield code="p">RUA003163</subfield>
    <subfield code="r">2015-09-12</subfield>
    <subfield code="w">2015-09-12</subfield>
    <subfield code="y">AGR</subfield>
  </datafield>
  <datafield tag="952" ind1=" " ind2=" ">
    <subfield code="0">0</subfield>
    <subfield code="1">0</subfield>
    <subfield code="2">ddc</subfield>
    <subfield code="4">0</subfield>
    <subfield code="6">AGR_&#x179F;&#x17C2;&#x1798;_1996_000000000000000_BOO17_OR_3</subfield>
    <subfield code="7">0</subfield>
    <subfield code="9">1491</subfield>
    <subfield code="a">LBB</subfield>
    <subfield code="b">LBB</subfield>
    <subfield code="c">B017</subfield>
    <subfield code="d">2015-09-12</subfield>
    <subfield code="o">AGR &#x179F;&#x17C2;&#x1798; 1996 BOO17 Or.3</subfield>
    <subfield code="p">RUA004010</subfield>
    <subfield code="r">2015-09-12</subfield>
    <subfield code="w">2015-09-12</subfield>
    <subfield code="y">AGR</subfield>
  </datafield>
  <datafield tag="952" ind1=" " ind2=" ">
    <subfield code="0">0</subfield>
    <subfield code="1">0</subfield>
    <subfield code="2">ddc</subfield>
    <subfield code="4">0</subfield>
    <subfield code="6">AGR_&#x179F;&#x17C2;&#x1798;_1996_000000000000000_BOO17_OR_4</subfield>
    <subfield code="7">0</subfield>
    <subfield code="9">1492</subfield>
    <subfield code="a">LBB</subfield>
    <subfield code="b">LBB</subfield>
    <subfield code="c">B017</subfield>
    <subfield code="d">2015-09-12</subfield>
    <subfield code="o">AGR &#x179F;&#x17C2;&#x1798; 1996 BOO17 Or.4</subfield>
    <subfield code="p">RUA004492</subfield>
    <subfield code="r">2015-09-12</subfield>
    <subfield code="w">2015-09-12</subfield>
    <subfield code="y">AGR</subfield>
  </datafield>
  <datafield tag="952" ind1=" " ind2=" ">
    <subfield code="0">0</subfield>
    <subfield code="1">0</subfield>
    <subfield code="2">ddc</subfield>
    <subfield code="4">0</subfield>
    <subfield code="6">AGR_&#x179F;&#x17C2;&#x1798;_1996_000000000000000_BOO17_OR_5</subfield>
    <subfield code="7">0</subfield>
    <subfield code="9">1493</subfield>
    <subfield code="a">LBB</subfield>
    <subfield code="b">LBB</subfield>
    <subfield code="c">B017</subfield>
    <subfield code="d">2015-09-12</subfield>
    <subfield code="o">AGR &#x179F;&#x17C2;&#x1798; 1996 BOO17 Or.5</subfield>
    <subfield code="p">RUA004352</subfield>
    <subfield code="r">2015-09-12</subfield>
    <subfield code="w">2015-09-12</subfield>
    <subfield code="y">AGR</subfield>
  </datafield>
  <datafield tag="952" ind1=" " ind2=" ">
    <subfield code="0">0</subfield>
    <subfield code="1">0</subfield>
    <subfield code="2">ddc</subfield>
    <subfield code="4">0</subfield>
    <subfield code="6">AGR_&#x179F;&#x17C2;&#x1798;_1996_000000000000000_BOO17_OR_6</subfield>
    <subfield code="7">0</subfield>
    <subfield code="9">1494</subfield>
    <subfield code="a">LBB</subfield>
    <subfield code="b">LBB</subfield>
    <subfield code="c">B017</subfield>
    <subfield code="d">2015-09-12</subfield>
    <subfield code="o">AGR &#x179F;&#x17C2;&#x1798; 1996 BOO17 Or.6</subfield>
    <subfield code="p">RUA004208</subfield>
    <subfield code="r">2015-09-12</subfield>
    <subfield code="w">2015-09-12</subfield>
    <subfield code="y">AGR</subfield>
  </datafield>
  <datafield tag="952" ind1=" " ind2=" ">
    <subfield code="0">0</subfield>
    <subfield code="1">0</subfield>
    <subfield code="2">ddc</subfield>
    <subfield code="4">0</subfield>
    <subfield code="6">AGR_&#x179F;&#x17C2;&#x1798;_1996_000000000000000_BOO17_OR_7</subfield>
    <subfield code="7">0</subfield>
    <subfield code="9">1495</subfield>
    <subfield code="a">LBB</subfield>
    <subfield code="b">LBB</subfield>
    <subfield code="c">B017</subfield>
    <subfield code="d">2015-09-12</subfield>
    <subfield code="o">AGR &#x179F;&#x17C2;&#x1798; 1996 BOO17 Or.7</subfield>
    <subfield code="p">RUA004496</subfield>
    <subfield code="r">2015-09-12</subfield>
    <subfield code="w">2015-09-12</subfield>
    <subfield code="y">AGR</subfield>
  </datafield>
</record>
